000 00427nam a2200157Ia 4500
008 230917s9999||||xx |||||||||||||| ||und||
040 _e29979
_aMAIN
041 _aEnglish
082 _a005.133 G713T
100 _aGottfried, Byron S
245 0 _aSchaum's outline of theory and problems of programming with C
250 _a2nd ed.
260 _aNew Delhi
_bTata McGraw-Hill
_c1998
300 _aviii, 532 p.
942 _cBK
999 _c119418
_d119418